00487nam a2200193 a 4500001001300000003000900013005001700022008004100039020001000080082001300090100002400103245003500127260003400162300000900196500003500205505001300240650001600253700002400269nice12345678IN_TiNIC20260116011534.0050524s1960 lona grp 000 0 eng  ac10000a239bNED aNedoncelle, Maurice aIs There Christian Philosophy? aLondonbBurns and Oatesc1960 a152p aincludes index and biblioraphy2 aAppendix aApologetics1 aNedoncelle, Maurice